| 000 -LEADER |
| fixed length control field |
00467nam a2200157Ia 4500 |
| 008 - FIXED-LENGTH DATA ELEMENTS--GENERAL INFORMATION |
| fixed length control field |
181115s2008 xx 000 0 und d |
| 082 ## - DEWEY DECIMAL CLASSIFICATION NUMBER |
| Classification number |
Y74x54 K841/2 |
| 100 ## - MAIN ENTRY--PERSONAL NAME |
| Personal name |
Ramakrishnan Korakandy |
| 9 (RLIN) |
3762 |
| 245 ## - TITLE STATEMENT |
| Title |
Fisheries development in India |
| Remainder of title |
the political economy of unsustainable development (2 volumes) |
| 260 ## - PUBLICATION, DISTRIBUTION, ETC. (IMPRINT) |
| Place of publication, distribution, etc |
Delhi |
| Name of publisher, distributor, etc |
Kalpaz publications |
| 260 ## - PUBLICATION, DISTRIBUTION, ETC. (IMPRINT) |
| Date of publication, distribution, etc |
2008 |
| 300 ## - PHYSICAL DESCRIPTION |
| Extent |
111p |
| 440 ## - SERIES STATEMENT/ADDED ENTRY--TITLE |
| Volume number/sequential designation |
vol.2 |
| 9 (RLIN) |
3764 |
| 520 ## - SUMMARY, ETC. |
| Summary, etc |
Fish industry - India |
| 942 ## - ADDED ENTRY ELEMENTS (KOHA) |
| Source of classification or shelving scheme |
|